000 00294nam a22001337a 4500
008 170714b xxu||||| |||| 00| 0 eng d
020 _a0136292623
041 _aeng
080 _a101
100 _a24
101 _aFIL
245 _aOCCASIONS FOR PHILOSOPHY
_cEDWARDS.J.C
942 _2udc
_cBK
999 _c20828
_d20828